000 00810nam a22002177a 4500
005 20180606151250.0
010 _a1718EN-30 B-689323-351
020 _a9788175642076
_c225.00
035 _a B-689323-351
037 _bLGPD
_adpl
037 _bLGPD
082 _a428
100 _aPandey, Alok Ranjan
245 _aSahni's advanced english grammar and composition /
_cby Alok Ranjan Pandey [and] Deepak Pandey
260 _c2017
_aDelhi
_bSahni Pub.
270 _a4777, Dr. Mitra Gali, Roshnara Road,
_bDelhi
_e110007
300 _c21cm(pbk)
_a528p.
700 _aPandey, Deepak
942 _cEN
_2ddc
_mPAN
_h428
999 _c146090
_d146090